000 00479nam a2200169 i 4500
001 36654
003 ES-MaACL
005 20230906155418.0
007 t|
008 030218s1964 sp ||||1| spa d
100 1 _aBuck, Pearl S. (
_d1892-1973)
_932316
245 1 0 _aBambú /
_cPearl S. Buck ; [traducción de C. Soler].
260 _a[Barcelona :
_bLuis de Caralt,
_c1964]
300 _a334 p. ;
_c20 cm.
700 1 _aSoler, C.
_9107139
852 _aES-MaACL
_jE-5901
_bR.90613
999 _c36654
_d36654